<?xml version="1.0" encoding="UTF-8"?>
<collection xmlns="http://www.loc.gov/MARC21/slim">
 <record>
  <leader>04067nam a22003971a 4500</leader>
  <controlfield tag="001">000041178</controlfield>
  <controlfield tag="003">17474</controlfield>
  <controlfield tag="005">20240619150325.0</controlfield>
  <controlfield tag="008">170309s2016    vm            000   eng</controlfield>
  <datafield tag="040" ind1=" " ind2=" ">
   <subfield code="a">LNN</subfield>
  </datafield>
  <datafield tag="041" ind1=" " ind2=" ">
   <subfield code="a">eng</subfield>
  </datafield>
  <datafield tag="082" ind1=" " ind2=" ">
   <subfield code="a">428</subfield>
   <subfield code="b">HO-C</subfield>
  </datafield>
  <datafield tag="100" ind1=" " ind2=" ">
   <subfield code="a">Hoàng,Thị Kim Cúc.</subfield>
  </datafield>
  <datafield tag="245" ind1=" " ind2="3">
   <subfield code="a">An investigation into stylistic devices used in bình ngô đại cáo by nguyễn trãi and tuyên ngôn độc lập by hồ chí minh and their english equivalents in terms of translation /</subfield>
   <subfield code="c">Hoàng Thị Kim Cúc.</subfield>
  </datafield>
  <datafield tag="260" ind1=" " ind2=" ">
   <subfield code="a">đhnn,</subfield>
   <subfield code="c">2016.</subfield>
  </datafield>
  <datafield tag="300" ind1=" " ind2=" ">
   <subfield code="a">81tr . : ill ; 30cm.</subfield>
  </datafield>
  <datafield tag="500" ind1=" " ind2=" ">
   <subfield code="a">Master thesis in social sciences and humanties</subfield>
  </datafield>
  <datafield tag="520" ind1=" " ind2=" ">
   <subfield code="a">This thesis points out the finding of stylistic features of some commonly used stylistic devices namely simile, repetition, enumeration, antithesis and hyperbole in “Bình Ngô Đại Cáo” and “Tuyên Ngôn Độc Lập” and their English translational equivalents in “Proclamation of Victory” and “Declaration of Independence”, the similarities and differences between them, and the loss and gain of some common used stylistic devices. The data of the study are totally collected from “Bình Ngô Đại Cáo” and “Tuyên Ngôn Độc Lập” and their English translational equivalents in “Proclamation of Victory” and “Declaration of Independence”. They are described and contrastively analyzed on stylistic aspects under qualitative and quantitative approaches to reveal more precise points on stylistic devices. Hopefully the study is useful to those who want to know more about the Vietnamese history because the literary works of Nguyen Trai and Ho Chi Minh are not only the political commentaries but also the glorious pages in history of the nation. They help us learn more about the Vietnamese in war and respect the peaceful life that we achieved by blood and tears of millions of Vietnamese.</subfield>
  </datafield>
  <datafield tag="650" ind1=" " ind2=" ">
   <subfield code="a">stylistic devices, bình ngô đại cáo , terms of translation, tuyên ngôn độc lập</subfield>
  </datafield>
  <datafield tag="653" ind1=" " ind2=" ">
   <subfield code="a">bình ngô đại cáo</subfield>
  </datafield>
  <datafield tag="653" ind1=" " ind2=" ">
   <subfield code="a">terms of translation</subfield>
  </datafield>
  <datafield tag="653" ind1=" " ind2=" ">
   <subfield code="a">tuyên ngôn độc lập</subfield>
  </datafield>
  <datafield tag="OWN" ind1=" " ind2=" ">
   <subfield code="a">LNN</subfield>
  </datafield>
  <datafield tag="AVA" ind1=" " ind2=" ">
   <subfield code="a">UDN50</subfield>
   <subfield code="b">LNN</subfield>
   <subfield code="c">English</subfield>
   <subfield code="d">428 HO-C</subfield>
   <subfield code="e">available</subfield>
   <subfield code="t">Error 5001 Not defined in file expand_doc_bib_avail.</subfield>
   <subfield code="f">1</subfield>
   <subfield code="g">0</subfield>
   <subfield code="h">N</subfield>
   <subfield code="i">0</subfield>
   <subfield code="j">AN</subfield>
   <subfield code="k">1</subfield>
  </datafield>
  <datafield tag="Z40" ind1="3" ind2=" ">
   <subfield code="y">AN INVESTIGATION INTO STYLISTIC DEVICES USED IN BÌNH NGÔ ĐẠI CÁO BY NGUYỄN TRÃI AND TUYÊN</subfield>
   <subfield code="l">Library of UFL</subfield>
   <subfield code="t">VIEW</subfield>
   <subfield code="x">http://catalog.udn.vn:80/F?func=service&amp;doc_library=UDN01&amp;local_base=UDN01&amp;doc_number=000041178&amp;sequence=000001&amp;line_number=0001&amp;func_code=DB_RECORDS&amp;service_type=MEDIA</subfield>
   <subfield code="f">TOMTAT_000007879.pdf</subfield>
   <subfield code="e">pdf</subfield>
   <subfield code="s">000267141</subfield>
   <subfield code="k">20200913</subfield>
   <subfield code="m">NTMTHI</subfield>
  </datafield>
  <datafield tag="Z40" ind1="3" ind2=" ">
   <subfield code="y">AN INVESTIGATION INTO STYLISTIC DEVICES USED IN BÌNH NGÔ ĐẠI CÁO BY NGUYỄN TRÃI AND TUYÊN</subfield>
   <subfield code="l">Library of UFL</subfield>
   <subfield code="t">VIEW</subfield>
   <subfield code="x">http://catalog.udn.vn:80/F?func=service&amp;doc_library=UDN01&amp;local_base=UDN01&amp;doc_number=000041178&amp;sequence=000002&amp;line_number=0002&amp;func_code=DB_RECORDS&amp;service_type=MEDIA</subfield>
   <subfield code="f">luanvan_000007881.pdf</subfield>
   <subfield code="e">pdf</subfield>
   <subfield code="s">000802474</subfield>
   <subfield code="k">20200913</subfield>
   <subfield code="m">NTMTHI</subfield>
  </datafield>
  <datafield tag="999" ind1=" " ind2=" ">
   <subfield code="a">From the UDN01</subfield>
  </datafield>
  <datafield tag="AVA" ind1=" " ind2=" ">
   <subfield code="a">UDN50</subfield>
   <subfield code="b">LNN</subfield>
   <subfield code="c">English</subfield>
   <subfield code="d">428 HO-C</subfield>
   <subfield code="e">available</subfield>
   <subfield code="t">Error 5001 Not defined in file expand_doc_bib_avail.</subfield>
   <subfield code="f">1</subfield>
   <subfield code="g">0</subfield>
   <subfield code="h">N</subfield>
   <subfield code="i">0</subfield>
   <subfield code="j">AN</subfield>
   <subfield code="k">1</subfield>
  </datafield>
  <datafield tag="TYP" ind1=" " ind2=" ">
   <subfield code="a">Monograph</subfield>
  </datafield>
  <datafield tag="TYP" ind1=" " ind2=" ">
   <subfield code="a">Printed language</subfield>
  </datafield>
  <datafield tag="856" ind1=" " ind2=" ">
   <subfield code="y">AN INVESTIGATION INTO STYLISTIC DEVICES USED IN BÌNH NGÔ ĐẠI CÁO BY NGUYỄN TRÃI AND TUYÊN</subfield>
   <subfield code="l">Library of UFL</subfield>
   <subfield code="t">VIEW</subfield>
   <subfield code="x">http://catalog.udn.vn:80/F?func=service&amp;doc_library=UDN01&amp;local_base=UDN01&amp;doc_number=000041178&amp;sequence=000001&amp;line_number=0001&amp;func_code=DB_RECORDS&amp;service_type=MEDIA</subfield>
   <subfield code="f">TOMTAT_000007879.pdf</subfield>
   <subfield code="e">pdf</subfield>
   <subfield code="s">000267141</subfield>
   <subfield code="k">20200913</subfield>
   <subfield code="m">NTMTHI</subfield>
  </datafield>
  <datafield tag="856" ind1=" " ind2=" ">
   <subfield code="y">AN INVESTIGATION INTO STYLISTIC DEVICES USED IN BÌNH NGÔ ĐẠI CÁO BY NGUYỄN TRÃI AND TUYÊN</subfield>
   <subfield code="l">Library of UFL</subfield>
   <subfield code="t">VIEW</subfield>
   <subfield code="x">http://catalog.udn.vn:80/F?func=service&amp;doc_library=UDN01&amp;local_base=UDN01&amp;doc_number=000041178&amp;sequence=000002&amp;line_number=0002&amp;func_code=DB_RECORDS&amp;service_type=MEDIA</subfield>
   <subfield code="f">luanvan_000007881.pdf</subfield>
   <subfield code="e">pdf</subfield>
   <subfield code="s">000802474</subfield>
   <subfield code="k">20200913</subfield>
   <subfield code="m">NTMTHI</subfield>
  </datafield>
  <datafield tag="980" ind1=" " ind2=" ">
   <subfield code="a">Mạng thư viện Đại học Đà Nẵng</subfield>
  </datafield>
 </record>
</collection>
